Ethnic relations among the people of North-East India (Record no. 1626)
[ view plain ]
| 000 -LEADER | |
|---|---|
| fixed length control field | 01111 a2200253 4500 |
| 010 ## - LIBRARY OF CONGRESS CONTROL NUMBER | |
| LC control number | ENG-85189 |
| 020 ## - INTERNATIONAL STANDARD BOOK NUMBER | |
| International Standard Book Number | 8183700810 |
| Terms of availability | 350.00 |
| 035 ## - SYSTEM CONTROL NUMBER | |
| System control number | EN-68722 |
| 037 ## - SOURCE OF ACQUISITION | |
| Source of stock number/acquisition | D.B.Act / Pub |
| 082 14 - DEWEY DECIMAL CLASSIFICATION NUMBER | |
| Classification number | 305.8541 |
| 090 ## - LOCALLY ASSIGNED LC-TYPE CALL NUMBER (OCLC); LOCAL CALL NUMBER (OCLC) | |
| -- | 1655 |
| -- | 1655 |
| 245 1# - TITLE STATEMENT | |
| Title | Ethnic relations among the people of North-East India |
| Statement of responsibility, etc | editor, N. Joykumar Singh. |
| 260 ## - PUBLICATION, DISTRIBUTION, ETC. (IMPRINT) | |
| Place of publication, distribution, etc | New Delhi |
| Name of publisher, distributor, etc | Centre for Manipur Studies, Manipur University and Akansha Pub. House, |
| Date of publication, distribution, etc | 2006. |
| 260 ## - PUBLICATION, DISTRIBUTION, ETC. (IMPRINT) | |
| Place of publication, distribution, etc | New Delhi |
| Name of publisher, distributor, etc | Akansha Publishing House |
| Date of publication, distribution, etc | 2006 |
| 300 ## - PHYSICAL DESCRIPTION | |
| Extent | xii, 107 p. |
| Dimensions | 22 cm. (Hb) |
| 500 ## - GENERAL NOTE | |
| General note | Includes bibliographical references and index |
| 520 ## - SUMMARY, ETC. | |
| Summary, etc | With special reference to Manipur, India; contributed papers presented at a seminar organized by Centre for Manipur Studies, Manipur University on November 10-11, 2004 |
| 650 #0 - SUBJECT ADDED ENTRY--TOPICAL TERM | |
| Topical term or geographic name as entry element | Ethnicity |
| Geographic subdivision | India |
| -- | Manipur |
| 651 #0 - SUBJECT ADDED ENTRY--GEOGRAPHIC NAME | |
| Geographic name | Manipur (India) |
| General subdivision | Ethnic relations |
| 700 1# - ADDED ENTRY--PERSONAL NAME | |
| Personal name | Joykumar Singh, N., |
| Dates associated with a name | 1950- |
| 710 2# - ADDED ENTRY--CORPORATE NAME | |
| Corporate name or jurisdiction name as entry element | Manipur University. |
| Subordinate unit | Centre for Manipur Studies. |
| 942 ## - ADDED ENTRY ELEMENTS (KOHA) | |
| Institution code [OBSOLETE] | dpl |
| Koha item type | English Books |
| Call number prefix | 305.8541 / ETH |
| Withdrawn status | Lost status | Source of classification or shelving scheme | Damaged status | Not for loan | Collection code | Home library | Current library | Source of acquisition | Cost, normal purchase price | Total Checkouts | Full call number | Barcode | Date last seen | Copy number | Uniform Resource Identifier | Cost, replacement price | Price effective from | Koha item type |
|---|---|---|---|---|---|---|---|---|---|---|---|---|---|---|---|---|---|---|
| Dewey Decimal Classification | Not For Loan | Non-fiction | D.B.Act.Division | D.B.Act.Division | DBAD/PUB | 350.00 | 305.8541 | EN-68722 | 15/09/2008 | 1 | 1708 | 350.00 | 15/09/2008 | English Books |
